Lana Del Rey- Salvatore (All Lyrics) - Statistics

General Stats
  • This quiz has been taken 609 times
  • The average score is 119 of 183
Answer Stats
Lyrics % Correct
a
98%
I
98%
Salvatore
91%
the
91%
The
91%
so
90%
cream
89%
ice
89%
to
89%
my
87%
Soft
87%
soft
87%
you
85%
in
83%
amore
81%
Ah-ah-ah-ah
79%
ah-ah-ah-ah
79%
ah-ah-ah-ah-ah
79%
can
79%
Ciao
78%
it
78%
On
78%
on
78%
All
76%
all
76%
for
76%
me?
74%
time
71%
and
70%
blue
70%
lights
70%
summer
70%
by
68%
it's
68%
eat
67%
Now
67%
tan
67%
begin
65%
Like
65%
rain
65%
wait
65%
working
65%
Miami
64%
too
64%
Catch
63%
if
62%
La-da-da-da-da
62%
la-da-da-da-da
62%
of
62%
neon
61%
gleam
59%
hand
59%
Cacciatore
58%
green
58%
Limousines
58%
man
58%
Dying
57%
from
57%
Everything
56%
foreign
56%
better
55%
see
55%
above
54%
looks
54%
ocean's
54%
aquamarine
52%
are
52%
king
52%
Ruby
49%
happily
47%
seems
47%
Calling
46%
name
46%
out
46%
your
46%
downtown
43%
I've
43%
sparkling
42%
this
41%
summer's
40%
you're
40%
been
39%
Beatboxing
38%
blues
38%
jazz
38%
can't
37%
shady
37%
waiting
37%
rapping
36%
adore
35%
boss
35%
sang
34%
hot
33%
tangerine
33%
scenes
32%
dreams
31%
meant
30%
but
29%
not
29%
cold
28%
was
28%
wild
28%
without
27%
wrong
23%
Medellin
16%
creams
15%
doubt
14%
serve
6%
No matching quizzes found
Score Distribution
Percent of People with Each Score
Percentile by Number Answered
Your Score History
You have not taken this quiz